ARRUPE JESUIT UNIVERSITY

CORONAVIRUS -STOP THE SPREAD - CLEAN,DISINFECT,COVER

A Century of Christianity in Uganda, 1877-1977 : (Record no. 125366)

MARC details
000 -LEADER
fixed length control field 00768nam a22002177i 4500
001 - CONTROL NUMBER
control field 880965
003 - CONTROL NUMBER IDENTIFIER
control field ARRUPE
005 - DATE AND TIME OF LATEST TRANSACTION
control field 20160928161055.0
008 - FIXED-LENGTH DATA ELEMENTS--GENERAL INFORMATION
fixed length control field 791220|1978 ||| 000 0 eng
010 ## - LIBRARY OF CONGRESS CONTROL NUMBER
LC control number 79980525
040 ## - CATALOGING SOURCE
Original cataloging agency DLC
Transcribing agency DLC
Modifying agency DLC
050 00 - LIBRARY OF CONGRESS CALL NUMBER
Classification number BR1443.U33T925
300 ## - PHYSICAL DESCRIPTION
Dimensions 22 cm.
245 12 - TITLE STATEMENT
Title A Century of Christianity in Uganda, 1877-1977 :
Remainder of title a historical appraisal of the development of the Uganda church over the last one hundred years /
Statement of responsibility, etc edited, A.D. Tom Tuma and Phares Mutibwa.
260 ## - PUBLICATION, DISTRIBUTION, ETC. (IMPRINT)
Place of publication, distribution, etc [s.l]
Name of publisher, distributor, etc [s.n]
Date of publication, distribution, etc 1978
300 ## - PHYSICAL DESCRIPTION
Extent xxiii, 189 p.;
650 ## - SUBJECT ADDED ENTRY--TOPICAL TERM
Topical term or geographic name as entry element Uganda
General subdivision Church history
9 (RLIN) 26245
710 ## - ADDED ENTRY--CORPORATE NAME
Corporate name or jurisdiction name as entry element A.D Toma Tuma
Relator term ed.
9 (RLIN) 26246
710 ## - ADDED ENTRY--CORPORATE NAME
Corporate name or jurisdiction name as entry element Phares Mutibwa
Relator term ed.
9 (RLIN) 26247
906 ## - LOCAL DATA ELEMENT F, LDF (RLIN)
a 7
b cbc
c orignew
d 4
e ncip
f 19
g y-gencatlg
942 ## - ADDED ENTRY ELEMENTS (KOHA)
Source of classification or shelving scheme Library of Congress Classification
Koha item type Monograph ( Printed materials)
Holdings
Withdrawn status Lost status Source of classification or shelving scheme Damaged status Not for loan Collection code Home library Current library Shelving location Date acquired Total Checkouts Full call number Barcode Date last seen Price effective from Koha item type
    Library of Congress Classification     Main Collection ARRUPE LIBRARY ARRUPE LIBRARY Main Collection 27/09/2016   BR1443.U33T925 46500010723 27/09/2016 27/09/2016 Monograph ( Printed materials)

 

Arrupe Library. PO Box MP320 Mt Pleasant, Harare, Zimbabwe
263 242 745411|librarian@aju.ac.zw